[Event "4th ChessMates Murmansk 2020"]
[Site "Murmansk"]
[Date "2020.03.14"]
[Round "4.7"]
[White "Blokhin, Sofia"]
[Black "Poliato, Irina"]
[Result "1-0"]
[WhiteElo "1854"]
[BlackElo "1588"]
[Annotator "NA RC"]
[PlyCount "77"]
[EventDate "2020.03.13"]
[EventType "team-tourn"]
[EventCountry "RUS"]
[SourceTitle "playchess.com"]
[Source "ChessBase"]
[SourceQuality "1"]
[TimeControl "5400+30"]

{[%evp 8,76,25,24,37,28,32767,32767,32767,32767,32767,26,32767,45,54,50,89,82,32767,-33,120,102,129,32767,32767,32767,32767,32767,32767,69,70,51,32767,0,233,32767,32767,287,413,415,504,486,497,635,891,969,1261,1008,2886,29985,4382,29982,29985,32767,29997,820,29998,29937,32767,32767,32767,32767,32767,32767,29994,29995,29995,29996,29997,29998,29999]} 1. e4 {[%emt 0:00:00]} c5 {[%emt 0:00:00]} 2. Nf3 {[%emt 0:00:00]} Nc6 {[%emt 0:00:00]} 3. d4 {[%emt 0:00:00]} cxd4 {[%emt 0:00:00]} 4. Nxd4 {[%emt 0:00:00]} Nf6 {[%emt 0:00:17]} 5. Nc3 {[%emt 0:00:15]} d6 {[%emt 0:00:09]} 6. Be2 {[%emt 0:00:28]} a6 {[%emt 0:00:28]} 7. Be3 {[%emt 0:00:11]} e6 {[%emt 0:01:18]} 8. Qd2 {[%emt 0:01:18]} Bd7 {[%emt 0:00:51]} 9. f3 {[%emt 0:01:21]} Be7 {[%emt 0:00:50]} 10. O-O-O {[%emt 0:01:50]} O-O {[%emt 0:00:48]} 11. g4 {[%emt 0:00:22] B80: Sicilian Scheveningen: 6 g3 and 6 Be3, including English Attack.} Rc8 {[%emt 0:01:11]} 12. h4 {[%emt 0:00:48]} b5 {[%emt 0:02:56]} 13. h5 {[%emt 0:02:03] [#]} ({White should play} 13. a3 $14) 13... Ne5 $146 {[%emt 0:07:40]} (13... b4 $11 {keeps the balance.} 14. Nb1 Nxd4 15. Qxd4 Qc7) ({Predecessor:} 13... Na5 14. g5 Ne8 15. g6 h6 16. Bxh6 gxh6 17. Qxh6 Bg5+ 18. Qxg5 Qxg5+ 19. Rd2 fxg6 20. hxg6 Qxg6 {0-1 (66) Ramp,O-Paeschke,A Torgelow 1998}) 14. g5 {[%emt 0:00:42]} Ne8 {[%emt 0:00:11]} (14... b4 $14 15. Nb1 Ne8) 15. f4 {[%emt 0:01:10]} Nc4 {[%emt 0:00:08]} 16. Bxc4 {[%emt 0:00:11]} Rxc4 {[%emt 0:00:04]} 17. g6 {[%emt 0:06:42]} Nf6 {[%emt 0:04:41]} 18. Qg2 {[%emt 0:02:44]} ({White should try} 18. e5 $16) 18... b4 {[%emt 0:04:09]} 19. gxh7+ $1 {[%emt 0:01:20]} Kxh7 {[%emt 0:02:04]} 20. Nb1 {[%emt 0:02:01]} ({White should try} 20. Rdg1 $16 {[%csl Gg1][%cal Rg2g7]} Rg8 21. Nf3) 20... Qc8 $2 {[%emt 0:01:32]} (20... e5 $1 $11 21. Nd2 exd4 22. Nxc4 dxe3) 21. Rdg1 {[%emt 0:01:17]} Rg8 {[%emt 0:00:35]} 22. Nd2 {[%emt 0:07:49]} Rc5 {[%emt 0:07:51]} (22... Rc7 {was called for.} 23. Qg6+ Kh8 24. Qxf7 Be8 25. Qxe6 Rxc2+ 26. Kb1 Qxe6 27. Nxe6 Rxd2) 23. N2f3 {[%emt 0:05:21]} Kh8 {[%emt 0:23:53]} 24. Ng5 {[%emt 0:01:51]} ({Less strong is} 24. h6 g6 $16) 24... Qe8 {[%emt 0:00:27]} 25. Ndf3 {[%emt 0:03:05]} Rc4 {[%emt 0:02:11]} 26. Nh4 {[%emt 0:00:44]} Rf8 {[%emt 0:06:24] [#]} 27. Nxe6 $1 {[%emt 0:03:22] Double Attack, Discovered Attack} Rg8 {[%emt 0:01:06] [#]} 28. Ng6+ $1 {[%emt 0:00:19]} Kh7 {[%emt 0:00:28]} 29. Ng5+ {[%emt 0:02:14]} Kh6 {[%emt 0:00:14]} 30. f5 {[%emt 0:00:46]} d5 {[%emt 0:01:18]} 31. Nxf7+ {[%emt 0:01:10] Discovered Attack (Double check)} Kh7 {[%emt 0:00:09]} 32. Ng5+ {[%emt 0:00:22]} Kh6 {[%emt 0:00:06]} 33. Ne6+ {[%emt 0:00:43]} Kh7 {[%emt 0:00:08]} 34. h6 {[%emt 0:01:37]} Bxe6 {[%emt 0:00:25]} 35. fxe6 {[%emt 0:05:16]} Rxe4 {[%emt 0:01:16] [#]} 36. Nf8+ $1 {[%emt 0:01:46] Promotion} Bxf8 {[%emt 0:00:37]} 37. hxg7+ {[%emt 0:00:08]} Nh5 {[%emt 0:00:12]} 38. gxf8=N+ {[%emt 0:00:18]} Rxf8 {[%emt 0:01:30]} 39. Qg7# {[%emt 0:00:09]} 1-0

[Event "4th ChessMates Murmansk 2020"]
[Site "Murmansk"]
[Date "2020.03.14"]
[Round "4.8"]
[White "Khmil, Fedor"]
[Black "Smirnova, Jekaterina"]
[Result "1/2-1/2"]
[WhiteElo "1470"]
[BlackElo "1439"]
[Annotator "NA RC"]
[PlyCount "55"]
[EventDate "2020.03.13"]
[EventType "team-tourn"]
[EventCountry "RUS"]
[SourceTitle "playchess.com"]
[Source "ChessBase"]
[SourceQuality "1"]
[TimeControl "5400+30"]

1. e4 {[%emt 0:00:00]} c5 {[%emt 0:00:00]} 2. Nf3 {[%emt 0:00:00]} e6 {[%emt 0:00:00]} 3. d4 {[%emt 0:00:00]} cxd4 {[%emt 0:00:00]} 4. Nxd4 {[%emt 0:00:00]} a6 {[%emt 0:00:06]} 5. Nc3 {[%emt 0:00:00]} Nc6 {[%emt 0:00:11]} 6. Be3 {[%emt 0:00:14]} Bb4 {[%emt 0:00:51]} 7. Be2 {[%emt 0:00:38]} Nf6 {[%emt 0:00:26]} 8. f3 {[%emt 0:00:51]} O-O {[%emt 0:02:41]} 9. O-O {[%emt 0:00:55]} d5 {[%emt 0:03:14]} 10. exd5 {[%emt 0:10:16]} Nxd5 {[%emt 0:00:34]} 11. Nxd5 {[%emt 0:01:04]} exd5 {[%emt 0:00:59]} 12. Kh1 {[%emt 0:01:18]} Re8 {[%emt 0:03:28]} 13. Bf2 {[%emt 0:04:27]} Bd6 {[%emt 0:02:24]} 14. c3 {[%emt 0:02:41]} Nxd4 {[%emt 0:04:12]} 15. cxd4 {[%emt 0:00:16]} Bf5 {[%emt 0:00:44]} 16. Bd3 {[%emt 0:01:44]} Bxd3 {[%emt 0:01:11]} 17. Qxd3 {[%emt 0:00:05]} Bf4 {[%emt 0:05:19]} 18. Rfe1 {[%emt 0:04:06]} Qd7 {[%emt 0:01:52]} 19. g3 {[%emt 0:28:48]} Bd6 {[%emt 0:01:38]} 20. Kg2 {[%emt 0:01:15]} Rac8 {[%emt 0:15:50]} 21. Rac1 {[%emt 0:03:32]} g6 {[%emt 0:00:51]} 22. Qb3 {[%emt 0:09:09]} Bf8 {[%emt 0:02:08]} 23. Rxc8 {[%emt 0:01:00]} Rxc8 {[%emt 0:02:39]} 24. Re5 {[%emt 0:00:12]} Rd8 {[%emt 0:00:17]} 25. Re2 {[%emt 0:02:54]} Rc8 {[%emt 0:12:28]} 26. Re5 {[%emt 0:01:33]} Rd8 {[%emt 0:00:19]} 27. Re2 {[%emt 0:00:25]} Rc8 {[%emt 0:01:04]} 28. Re5 {[%emt 0:00:48]} 1/2-1/2

[Event "4th ChessMates Murmansk 2020"]
[Site "Murmansk"]
[Date "2020.03.14"]
[Round "4.9"]
[White "Mertins, Ostap"]
[Black "Rombalskiy, Ivan"]
[Result "1-0"]
[WhiteElo "1375"]
[BlackElo "1298"]
[Annotator "NA RC"]
[PlyCount "104"]
[EventDate "2020.03.13"]
[EventType "team-tourn"]
[EventCountry "RUS"]
[SourceTitle "playchess.com"]
[Source "ChessBase"]
[SourceQuality "1"]
[TimeControl "5400+30"]

1. e4 {[%emt 0:00:00]} d5 {[%emt 0:00:00]} 2. exd5 {[%emt 0:00:00]} Qxd5 {[%emt 0:00:00]} 3. Nc3 {[%emt 0:00:01]} Qa5 {[%emt 0:00:00]} 4. Bc4 {[%emt 0:00:15]} Nf6 {[%emt 0:00:07]} 5. d3 {[%emt 0:00:12]} c6 {[%emt 0:00:11]} 6. Bd2 {[%emt 0:00:12]} Qc7 {[%emt 0:00:12]} 7. h3 {[%emt 0:00:16]} Bf5 {[%emt 0:00:52]} 8. Nf3 {[%emt 0:01:33]} e6 {[%emt 0:00:10]} 9. O-O {[%emt 0:02:48]} Bd6 {[%emt 0:00:18]} 10. Re1 {[%emt 0:00:59]} O-O {[%emt 0:00:09]} 11. Nd4 {[%emt 0:01:21]} Bg6 {[%emt 0:04:19]} 12. Bxe6 {[%emt 0:02:06]} fxe6 {[%emt 0:00:14]} 13. Nxe6 {[%emt 0:00:11]} Qb6 {[%emt 0:03:48]} 14. Nxf8 {[%emt 0:00:37]} Bxf8 {[%emt 0:00:07]} 15. b3 {[%emt 0:07:51]} Nbd7 {[%emt 0:00:59]} 16. Ne4 {[%emt 0:04:27]} Nxe4 {[%emt 0:02:09]} 17. dxe4 {[%emt 0:01:08]} Nf6 {[%emt 0:00:11]} 18. e5 {[%emt 0:02:19]} Ne4 {[%emt 0:01:16]} 19. Be3 {[%emt 0:00:33]} Bc5 {[%emt 0:01:00]} 20. Qe2 {[%emt 0:02:42]} Kh8 {[%emt 0:03:56]} 21. c4 {[%emt 0:07:36]} Rf8 {[%emt 0:02:40]} 22. Bxc5 {[%emt 0:02:36]} Qxc5 {[%emt 0:00:59]} 23. Qe3 {[%emt 0:00:45]} Kg8 {[%emt 0:02:26]} 24. Qxc5 {[%emt 0:02:44]} Nxc5 {[%emt 0:00:14]} 25. Rad1 {[%emt 0:02:04]} Nd3 {[%emt 0:02:28]} 26. Re2 {[%emt 0:01:08]} Re8 {[%emt 0:00:36]} 27. Re3 {[%emt 0:02:19]} Nc5 {[%emt 0:07:18]} 28. g4 {[%emt 0:03:05]} a5 {[%emt 0:04:19]} 29. f4 {[%emt 0:00:34]} Be4 {[%emt 0:03:30]} 30. Rde1 {[%emt 0:04:46]} Bc2 {[%emt 0:03:43]} 31. R1e2 {[%emt 0:01:26]} Bd3 {[%emt 0:00:56]} 32. Rd2 {[%emt 0:00:37]} Be4 {[%emt 0:01:08]} 33. a3 {[%emt 0:00:46]} Bb1 {[%emt 0:01:45]} 34. b4 {[%emt 0:01:48]} axb4 {[%emt 0:00:17]} 35. axb4 {[%emt 0:00:06]} Na4 {[%emt 0:00:51]} 36. Re1 {[%emt 0:01:32]} Nc3 {[%emt 0:01:09]} 37. Rc1 {[%emt 0:01:19]} Ne4 {[%emt 0:01:27]} 38. Rd4 {[%emt 0:00:54]} Ng3 {[%emt 0:01:06]} 39. Kf2 {[%emt 0:00:33]} Ne4+ {[%emt 0:01:39]} 40. Ke3 {[%emt 0:01:05]} c5 {[%emt 0:01:46]} 41. bxc5 {[%emt 0:00:53]} Nxc5 {[%emt 0:01:34]} 42. Rxb1 {[%emt 0:00:11]} Ra8 {[%emt 0:00:38]} 43. Ke2 {[%emt 0:01:40]} Ra2+ {[%emt 0:01:10]} 44. Rd2 {[%emt 0:00:11]} Ra3 {[%emt 0:01:00]} 45. Rb5 {[%emt 0:00:43]} Ne4 {[%emt 0:00:39]} 46. Rd8+ {[%emt 0:00:42]} Kf7 {[%emt 0:00:12]} 47. Rxb7+ {[%emt 0:00:02]} Kg6 {[%emt 0:00:03]} 48. Rb6+ {[%emt 0:04:50]} Kf7 {[%emt 0:00:15]} 49. e6+ {[%emt 0:00:34]} Kf6 {[%emt 0:00:18]} 50. Rf8+ {[%emt 0:00:13]} Kg6 {[%emt 0:00:49]} 51. e7+ {[%emt 0:00:01]} Nf6 {[%emt 0:00:01]} 52. e8=Q+ {[%emt 0:00:23]} Kh6 1-0

[Event "4th ChessMates Murmansk 2020"]
[Site "Murmansk"]
[Date "2020.03.14"]
[Round "4.11"]
[White "Travadon, Loic"]
[Black "Babanin, Gleb"]
[Result "1-0"]
[WhiteElo "2426"]
[BlackElo "2225"]
[Annotator "TA"]
[PlyCount "95"]
[EventDate "2020.03.13"]
[EventType "team-tourn"]
[EventCountry "RUS"]
[SourceTitle "playchess.com"]
[Source "ChessBase"]
[SourceQuality "1"]

{[%evp 21,95,0,13,0,52,46,41,50,49,9,26,20,44,20,29,-10,-1,-9,0,0,263,261,281,272,266,268,267,272,271,259,260,261,264,247,246,122,132,137,389,395,385,280,571,566,498,91,144,64,68,65,58,65,561,553,554,547,539,521,655,655,714,714,714,710,701,701,693,584,945,685,643,580,6238,6079,1083,868]} 1. e4 Nc6 2. Nf3 e5 3. d4 exd4 4. Bc4 Nf6 5. e5 d5 6. Bb5 Ne4 7. Nxd4 Bd7 8. Bxc6 bxc6 9. O-O Bc5 10. f3 Ng5 11. Be3 {The modern move.} Qe7 12. f4 {C56: Two Knights: 4 d4 exd4 5 0-0 Nxe4.} Ne4 ({Better is} 12... Ne6 $1 $11) 13. Nd2 $1 $14 Nxd2 14. Qxd2 {White is slightly better.} Bb6 {[#]} 15. Bf2 $146 ({Predecessor:} 15. Rae1 c5 16. Nf3 d4 17. Bf2 Bb5 18. f5 Bxf1 19. Kxf1 Qd7 20. Qg5 h6 21. Qxg7 {0-1 (56) Kosteniuk,A (2557)-Muzychuk,M (2544) Huaian 2017}) 15... c5 16. Nf3 Be6 17. Rae1 Qd7 18. Bh4 c4+ 19. Kh1 {aiming for f5!} d4 20. Ng5 $36 {[%mdl 2048] White is pushing.} Bf5 $2 {[%mdl 8192] [#]} (20... O-O $1 $11 {and Black is okay.}) 21. e6 $1 $18 {[%cal Re6d7][%mdl 512]} fxe6 {[#]} (21... Bxe6 22. f5) 22. Nxe6 $1 {[%mdl 512]} Bxe6 {[#]} 23. Rxe6+ $1 {[%mdl 512]} Qxe6 24. Re1 Qxe1+ 25. Qxe1+ Kd7 26. Qe7+ Kc8 27. Qxg7 Kb7 28. Qf7 (28. Qd7 $18 {has better winning chances.}) 28... Raf8 $16 29. Qd5+ ({Don't do} 29. Qxc4 Rxf4 30. Bg3 Rf5 $14) 29... Kb8 $2 {[%mdl 8192]} (29... c6 $16 30. Qd7+ (30. Qxc4 Rxf4 31. Bg3 Re8 $16) 30... Bc7) 30. f5 $18 Re8 31. g4 Re2 $2 (31... d3 {was called for.}) 32. Qxc4 Re4 33. h3 $2 (33. Bg3 $18 {and White stays clearly on top.}) 33... h5 $16 34. Qd5 (34. Qc6 $16 Re3 35. Bf6) 34... Re3 $14 35. Kg2 {And now g5 would win.} hxg4 36. hxg4 d3 $2 {[%mdl 8192]} (36... Re2+ $1 $14 37. Kf3 Re3+ 38. Kf4 c6 39. Qxc6 Rxh4) 37. cxd3 $18 {White is clearly winning.} Re2+ 38. Kf1 Rxb2 39. d4 Rd2 {...Rd1+ is the strong threat.} 40. Bg3 Rxd4 {[#]} 41. Bxc7+ $1 {[%mdl 576] Decoy} Kxc7 (41... Bxc7 42. Qxd4) 42. Qe5+ {[%mdl 64] Double Attack} Kb7 43. Qxh8 Rxg4 44. Qh7+ Ka6 45. Qf7 Rf4+ 46. Kg2 Ka5 47. Qd5+ Ka6 48. Qe6 {Accuracy: White = 71%, Black = 54%.} 1-0

[Event "4th ChessMates Murmansk 2020"]
[Site "Murmansk"]
[Date "2020.03.14"]
[Round "4.12"]
[White "Sinitsina, Anastassia"]
[Black "Vlachos, Anatole"]
[Result "1-0"]
[WhiteElo "2125"]
[BlackElo "2403"]
[Annotator "TA"]
[PlyCount "67"]
[EventDate "2020.03.13"]
[EventType "team-tourn"]
[EventCountry "RUS"]
[SourceTitle "playchess.com"]
[Source "ChessBase"]
[SourceQuality "1"]

{[%evp 11,67,14,22,1,23,10,13,0,3,-4,22,0,29,22,18,21,39,13,14,14,14,18,38,35,50,26,29,33,81,83,87,77,224,222,201,180,209,133,125,123,151,125,148,166,134,119,160,123,133,109,110,110,110,105,172,143,632,634]} 1. Nf3 f5 2. c4 Nf6 3. g3 g6 4. Bg2 Bg7 5. Nc3 O-O 6. d4 d6 7. Qc2 {A86: Dutch Defence: Leningrad System: Unusual lines and 5 Nh3.} Qe8 8. d5 Na6 9. a3 {The position is equal.} Nc5 10. O-O {[#]} Bd7 $146 ({Predecessor:} 10... e6 11. dxe6 Bxe6 12. Ng5 Bxc4 13. b4 Nb3 14. Rb1 Nxc1 15. Rbxc1 Bh6 16. h4 d5 17. Bxd5+ Nxd5 {0-1 (17) Baars,J-Turner,L LSS email 2007}) 11. Be3 Nce4 12. Nxe4 Nxe4 13. Rac1 c6 14. Nd2 Nf6 15. Bd4 cxd5 16. cxd5 Bb5 17. Nb1 Bh6 18. Rcd1 Qf7 19. Nc3 $36 {[%mdl 2048] White is pushing.} Ba6 20. Rfe1 b6 21. e4 f4 {[#]} (21... Nxe4 $16 22. Nxe4 fxe4) 22. e5 $1 $18 {[%cal Re5f6]} dxe5 23. Bxe5 {aiming for d6.} Bb7 24. Rd4 ({Less strong is} 24. gxf4 Ng4 $14) (24. Bxf4 Bxf4 25. gxf4 Nh5 $16) 24... fxg3 25. hxg3 Rad8 {[%cal Rf6d5]} 26. Red1 Bg7 27. Qe2 Kh8 28. R1d2 Bc8 29. Ne4 Nxe4 30. Bxg7+ ({Don't do} 30. Qxe4 Bf5 $14) 30... Qxg7 31. Rxe4 Rf7 32. Qe3 g5 (32... Rd6 $16) 33. Rc4 Qg6 $2 {[%mdl 8192] [#]} (33... Rf5 $16 34. Re4 Rf7) 34. Qc3+ {Accuracy: White = 82%, Black = 52%.} 1-0

[Event "4th ChessMates Murmansk 2020"]
[Site "Murmansk"]
[Date "2020.03.14"]
[Round "4.13"]
[White "Rachid, Alexandre"]
[Black "Glukhov, Dmitriy"]
[Result "0-1"]
[WhiteElo "2099"]
[BlackElo "2012"]
[Annotator "TA"]
[PlyCount "78"]
[EventDate "2020.03.13"]
[EventType "team-tourn"]
[EventCountry "RUS"]
[SourceTitle "playchess.com"]
[Source "ChessBase"]
[SourceQuality "1"]

{[%evp 12,78,26,23,23,20,26,32,41,35,49,60,79,76,73,66,59,68,76,54,69,76,75,78,74,64,70,65,75,27,64,58,68,47,65,61,69,68,75,41,32,5,67,46,69,51,66,-41,-15,-26,-27,-15,-13,-116,-114,-288,-288,-439,-429,-1056,-1038,-1023,-990,-1785,-1710,-29991,-29992,-29996,-29997]} 1. e4 c5 2. Nc3 Nc6 3. Bb5 Nd4 4. Bc4 e6 5. Nf3 Ne7 6. Nxd4 cxd4 7. Ne2 Nc6 {B30: Sicilian: 2...Nc6 3 Bb5, lines without ...g6.} 8. O-O {8.d3 is not played anymore.} d5 9. exd5 exd5 {[#] White is slightly better.} 10. Bb5 $146 ({Predecessor:} 10. Bb3 Bd6 11. d3 O-O 12. Bf4 Bg4 13. Bxd6 Qxd6 14. h3 Be6 15. Qd2 Rac8 16. Rfe1 {1-0 (96) El Gindy,E (2498)-Ezat,M (2410) Cairo 2003}) 10... Bd6 11. Nxd4 Bxh2+ {[%mdl 64] [#] Decoy} 12. Kxh2 Qh4+ 13. Kg1 Qxd4 14. c3 Qc5 15. Ba4 O-O 16. d4 Qd6 17. Qf3 Ne7 18. Bg5 Ng6 19. Bb3 Be6 20. Qd3 f6 21. Bd2 f5 22. f4 Kh8 23. Rae1 Bd7 24. Qf3 Bc6 25. g3 Rae8 26. Bc2 Bd7 ({Black should play} 26... Bb5 $11) 27. Kf2 Re4 28. Qh5 h6 29. Rxe4 (29. Bxe4 $14 fxe4 30. b3) 29... fxe4 30. Bb3 Rf5 31. Qh2 Rf6 $36 {[%mdl 2048] Black has some pressure.} 32. Kg2 (32. Qh5 $11 {remains equal.} Rf5 33. Qe2) 32... Bg4 $17 33. Be3 $2 {[#] This move loses the game for White.} (33. Bd1 $17 {only move.} Bxd1 34. Rxd1) 33... Ne7 $19 34. Kg1 (34. f5 {was called for.}) 34... Nf5 35. Qf2 (35. Bf2 $142 e3 36. Bxe3 Nxe3 37. Re1) 35... Rg6 36. Kh2 Bf3 37. Rg1 Rg4 38. Qe1 Qg6 {[%cal Rg6h5]} 39. Qf1 Rxg3 {Accuracy: White = 48%, Black = 91%.} 0-1

[Event "4th ChessMates Murmansk 2020"]
[Site "Murmansk"]
[Date "2020.03.14"]
[Round "4.14"]
[White "Shelezhonkova, Kseniya"]
[Black "Hasseine, Madiane"]
[Result "0-1"]
[WhiteElo "1552"]
[BlackElo "2163"]
[Annotator "TA"]
[PlyCount "90"]
[EventDate "2020.03.13"]
[EventType "team-tourn"]
[EventCountry "RUS"]
[SourceTitle "playchess.com"]
[Source "ChessBase"]
[SourceQuality "1"]

{[%evp 11,90,-3,17,-13,-3,-78,-24,-34,-10,-23,-29,-42,-16,-14,-14,-82,-19,-105,-108,-107,-94,-95,-89,-109,-75,-68,-81,-70,-73,-71,-73,-73,-76,-145,-93,-97,-77,-84,-85,-87,-72,-81,-60,-77,-70,-78,-41,-111,-102,-124,-102,-179,-179,-197,-199,-204,-200,-558,-160,-186,-181,-257,-277,-287,-293,-554,-481,-1019,-1068,-1016,-994,-1137,-1098,-1186,-1160,-1377,-1287,-1591,-1533,-1440,-1456]} 1. e4 c5 2. g3 g6 3. Bg2 Bg7 4. Ne2 Nc6 5. c3 e5 6. d3 Nge7 7. O-O {B20: Sicilian: Unusual White 2nd moves.} O-O {[#]} 8. Kh1 $146 (8. Be3 $11) ({Predecessor:} 8. Be3 d6 9. Qd2 b6 10. c4 Nd4 11. Nbc3 Bb7 12. Nd5 Nxd5 13. cxd5 f5 14. Nxd4 cxd4 15. Bg5 Qd7 16. Bh3 Rf7 17. f4 {1-0 (33) Medvegy,Z (2560)-Ludwig,D (2479) Budapest 2013}) 8... f5 (8... d5 $17) 9. f4 {Black has an edge.} d6 10. Qb3+ Kh8 11. Na3 Na5 12. Qd1 Be6 13. c4 (13. b3 $11) 13... Qd7 ({Better is} 13... fxe4 $17 14. Bxe4 Bh3) 14. Nc2 (14. b3 $11) 14... fxe4 $17 15. Bxe4 d5 16. cxd5 Nxd5 17. Ne3 Nc6 18. Nxd5 Bxd5 19. Nc3 Be6 20. Be3 Nd4 21. Qd2 Bh3 22. Rfc1 (22. Bg2 $142) 22... Rac8 (22... exf4 $142 23. Bxf4 Rae8) 23. Ne2 b6 24. fxe5 Nxe2 25. Qxe2 Bxe5 26. Rab1 Qd6 27. a3 a5 {[%cal Ba7a5,Ba5a4][%mdl 32]} 28. Rc2 Rf7 29. Rd1 {Black keeps a firm grip on the game.} (29. b4 $1 $15) 29... Rcf8 {[#] White must now prevent ...Rf1+.} 30. Rcc1 a4 31. Bg2 (31. Re1 $17 {was worth a try.}) 31... Bxg2+ $19 32. Qxg2 Rf3 33. Bh6 R8f5 34. Rf1 $2 (34. d4 {is tougher.} Bxd4 35. Rd3) 34... Qd5 $2 (34... Rxf1+ $19 35. Rxf1 Rxf1+ 36. Qxf1 Qd5+ 37. Qg2 Qxg2+ 38. Kxg2 Bxb2) 35. Rxf3 Rxf3 36. Rd1 {[#]} (36. Re1 $142 Rxd3 37. Qxd5 Rxd5 38. Re2) 36... Kg8 $1 37. Be3 Bxb2 $1 38. Bg1 $2 (38. Rb1 Bxa3 39. Ra1) 38... Bxa3 {Black is clearly winning.} 39. Rf1 (39. d4 $142 Bb2 40. Rf1) 39... Rxd3 40. Qxd5+ Rxd5 {KRB-KRB} 41. Rf6 b5 42. Rc6 Bb4 43. Be3 a3 44. Rc8+ Kf7 45. Rc7+ Ke6 {Accuracy: White = 41%, Black = 68%.} 0-1

[Event "4th ChessMates Murmansk 2020"]
[Site "Murmansk"]
[Date "2020.03.14"]
[Round "4.15"]
[White "Meillon, Judicael"]
[Black "Gorlov, Artem"]
[Result "1/2-1/2"]
[WhiteElo "2162"]
[BlackElo "1912"]
[Annotator "TA"]
[PlyCount "55"]
[EventDate "2020.03.13"]
[EventType "team-tourn"]
[EventCountry "RUS"]
[SourceTitle "playchess.com"]
[Source "ChessBase"]
[SourceQuality "1"]

{[%evp 9,55,-38,0,-12,-6,-56,14,-33,-16,-29,-25,-74,-36,-79,0,-138,-124,-139,-49,-82,-39,-47,-44,-118,-118,-128,-105,-106,-106,-117,-122,-109,-108,-234,-227,-200,-64,-59,-86,-153,-97,-204,-211,-362,-367,-356,-192,-206]} 1. g4 d5 2. Bg2 c6 3. g5 e5 4. d4 e4 5. c4 Be7 6. h4 $1 {A00: Irregular Openings.} h6 {[%cal Rh6g5]} 7. Nc3 Be6 {[#]} (7... hxg5 $15 8. cxd5 cxd5) 8. f3 $146 {The position is equal.} ({Predecessor:} 8. Qb3 Qd7 9. c5 hxg5 10. hxg5 Rxh1 11. Bxh1 Qc7 12. Bd2 Qh2 13. O-O-O b6 14. cxb6 axb6 15. Qxb6 Ra6 16. Qb7 Bd8 17. Bxe4 dxe4 {0-1 (17) Kneipp,G-Rada,H corr 1987}) 8... exf3 9. Nxf3 dxc4 10. e4 Qc7 11. d5 Bg4 (11... Bc5 $17 {Strongly threatening ...Qg3+.} 12. Kf1 Bg4) 12. Ne2 (12. e5 $1 $11 {keeps the balance.} cxd5 13. Nxd5) 12... Nd7 13. Bf4 Bd6 (13... Qb6 $17 14. Qd4 hxg5 15. hxg5 Bb4+ 16. Kf1 Rxh1+ 17. Bxh1 cxd5 18. exd5 Ne7 19. Qxc4 Rc8) 14. dxc6 $15 Bxf4 15. cxd7+ Bxd7 16. Nxf4 ({White should play} 16. Qd4 $1 $15 f6 17. Nxf4 Qxf4 18. Rd1 Qg3+ 19. Qf2 (19. Kf1 Bg4 $17) 19... Qxf2+ 20. Kxf2) 16... Qxf4 $17 17. Qd4 {Black should prevent 0-0.} Qg3+ 18. Kf1 Bg4 19. Ne5 Rd8 $40 {[%mdl 128] Black is out for blood.} 20. Qc3 {[#]} Be2+ $1 {[%mdl 576] Deflection, Decoy} 21. Kxe2 (21. Kg1 $17 Qxc3 22. bxc3) 21... Qxg2+ $19 {[%mdl 64] Double Attack} 22. Ke3 {Threatens to win with Rag1.} Qg3+ (22... f5 $1 $19 23. Rag1 Qxe4+ 24. Kf2 hxg5) 23. Ke2 $15 Qf4 $1 {White must now prevent ...Ne7.} (23... Qg2+ $2 24. Ke3 $19) 24. Nxc4 (24. Nf3 $142) 24... Qxe4+ (24... Ne7 $142 $1 25. Qe3 hxg5 26. Qxf4 gxf4) 25. Kf2 (25. Qe3 $17 Qxe3+ 26. Nxe3) 25... Qf4+ $19 26. Kg2 $2 (26. Kg1 {was forced.}) 26... Ne7 ({Inferior is} 26... hxg5 27. Rae1+ Ne7 28. Rxe7+ $1 {[%mdl 512]} Kxe7 29. Qb4+ {[%mdl 64] Double Attack} Kf6 30. Rf1 $14) 27. Rae1 {And now Rxe7+! would win.} Qg4+ ({Not} 27... hxg5 {[#]} 28. Rxe7+ $1 {[%mdl 512]} Kxe7 29. Qb4+ {[%mdl 64] Double Attack} Ke6 30. Re1+ Kf6 31. Rf1 $16) (27... Rd4 $142 28. b3 hxg5) 28. Kf2 {Accuracy: White = 36%, Black = 43%.} 1/2-1/2